|
|
|
|
| LEADER |
00000cam a2200000 7i4500 |
| 001 |
0000024415 |
| 005 |
20081222.0 |
| 008 |
081222 |
| 020 |
|
|
|a 9673222261
|
| 090 |
0 |
0 |
|a 641.8654
|b HIN
|
| 100 |
1 |
|
|a Hindah Muaris
|
| 245 |
1 |
0 |
|a Biskut sihat
|c Hindah Muaris, Mazlina Ismail
|
| 260 |
|
|
|a Kuala Lumpur :
|b Synergy Media books
|
| 440 |
|
|
|a Siri saji bistari
|
| 650 |
|
0 |
|a Biscuits
|
| 650 |
|
0 |
|a Cookies
|
| 700 |
1 |
|
|a Mazlina Ismail
|
| 999 |
|
|
|a 0001038276
|b Book
|c Adult Collection
|e Perbadanan Perpustakaan Awam Johor
|
| 999 |
|
|
|a 0001038277
|b Book
|c Adult Collection
|e Perbadanan Perpustakaan Awam Johor
|
| 999 |
|
|
|a 0001038278
|b Book
|c Adult Collection
|e Perbadanan Perpustakaan Awam Johor
|
| 999 |
|
|
|a 0001038279
|b Book
|c Adult Collection
|e Perbadanan Perpustakaan Awam Johor
|